Deutschsprachige Nobelpreisträger in Literatur - Statistiken

Allgemein
  • Dieses Quiz wurde 1.104 mal gespielt
    1.071 seit der letzten Aktualisierung
  • Das Durchschnittsergebnis liegt bei 5 aus 14
Antwortstatistiken
Jahr Nation Werk Nobelpreisträger % Korrekt
1929 Deutschland 'Buddenbrooks‘ Thomas Mann
91%
1999 Deutschland 'Die Blechtrommel' Günter Grass
85%
1946 Deutschland/Schweiz 'Das Glasperlenspiel' Hermann Hesse
58%
1972 Deutschland 'Die verlorene Ehre der Katharina Blum' Heinrich Böll
56%
2004 Österreich 'Die Klavierspielerin' Elfriede Jelinek
36%
1912 Deutschland 'Die Weber' Gerhart Hauptmann
34%
2009 Deutschland/Rumänien 'Hunger und Seide' Herta Müller
32%
1902 Deutschland 'Römische Geschichte‘ Theodor Mommsen
26%
2019 Österreich 'Immer noch Sturm' Peter Handke
24%
1981 Bulgarien/Großbritannien 'Die Fackel im Ohr' Elias Canetti
14%
1966 Deutschland/Schweden 'Legenden und Erzählungen' Nelly Sachs
14%
1910 Deutschland 'Die Hexe vom Korso' Paul Heyse
14%
1919 Schweiz 'Olympischer Frühling‘ Carl Spitteler
10%
1908 Deutschland 'Thomas von Aquino und Kant' Rudolf Eucken
10%
Keine übereinstimmenden Quizze gefunden
Verteilung der Resultate
Anzahl Personen mit jedem Resultat
Perzentil nach korrekt beantworteten Fragen
Ihre Resultats-Entwicklung
Sie haben dieses Quiz seit der letzten Aktualisierung nicht gespielt